| 000 | 00000nam##2200000za#4500 |
| 001 | 9.625044 |
| 003 | CaOODSP |
| 005 | 20200327182139 |
| 007 | ta |
| 008 | 150406|1999||||xxc||||| f|0| 0 fre|d |
| 020 | |a0-662-83732-0 |
| 040 | |aCaOODSP|bfre |
| 043 | |an-cn--- |
| 086 | 1 |aMP32-30/98-1F |
| 110 | 1 |aCanada.|bDéveloppement des ressources humaines Canada. |bDirection générale de la recherche appliquée. |
| 245 | 10|aÉvaluation de la maturité scolaire dans l'ELNEJ : |bproblèmes de mesure et solutions, Septembre 1997 / |cpar Barbara A. Morrongiello. |
| 260 | |aOttawa - Ontario : |bDéveloppement des ressources humaines Canada. |c1999. |
| 300 | |avii, 42p. : |bréférences ; |c28 cm. |
| 490 | 1 |aPolitique stratégique, document technique|vT-98-1F |
| 500 | |a«Il est ci-après question des problèmes relatifs à la mesure de la maturité scolaire des enfants dans l'Enquête longitudinale nationale auprès des jeunes enfants (ELNEJ). Le centre d'intérêt porte sur les enfants âgés de 0 à 5 ans.»--Page iii. |
| 520 | 3 |aIl est ci-après question des problèmes relatifs à la mesure de la maturité scolaire des enfants dans l'Enquête longitudinale nationale auprès des jeunes enfants (ELNEJ). Le centre d'intérêt porte sur les enfants âgés de 0 à 5 ans.--Page iii |
| 563 | |aCouverture souple |
| 590 | |a99-18|b1999-05-07 |
| 720 | 1 |aMorrongiello, Barbara A. |
| 776 | 0#|tÉvaluation de la maturité scolaire dans l'ELNEJ : |w(CaOODSP)9.606663 |
| 830 | #0|aPolitique stratégique, document technique ;|vT-98-1F|w(CaOODSP)9.513151 |